000 00708cam a2200229 4500
001 sa 68013618
003 DLC
005 20260227112623.0
008 691209q19001969ii 000 0 eng
010 _asa 68013618
025 _aPL480:I-E-10674
040 _aDLC
_cDLC
_dDLC
050 0 0 _aHC437.M32
_bA52
082 0 0 _a338.954/792
110 1 _aMaharashtra (India).
_bFinance Department.
245 1 0 _aDraft fourth five-year plan, 1966-67 to 1970-71; Maharashtra State.
_cPrepared in the Planning Division, Finance Dept.
260 _a[Bombay,
_c19
300 _av.
_c34 cm.
500 _aCover title.
505 1 _av. 2. Programmes and statements.
651 0 _aMaharashtra (India)
_xEconomic policy.
999 _c85216
_d85216